Normal view
MARC view
- Computer flight games
Entry Topical Term
001 - CONTROL NUMBER
- control field: 44334
003 - CONTROL NUMBER IDENTIFIER
- control field: NUST
005 - DATE AND TIME OF LATEST TRANSACTION
- control field: 20210314132942.0
008 - FIXED-LENGTH DATA ELEMENTS
- fixed length control field: 210314|| aca||aabn | a|a d
040 ## - CATALOGING SOURCE
- Original cataloging agency: NUST
- Transcribing agency: NUST
150 ## - HEADING--TOPICAL TERM
- Topical term or geographic name entry element: Computer flight games
670 ## - SOURCE DATA FOUND
- Source citation: Work cat.: (NUST): Prochnow, Dave. 38913, Flight Simulator and Flight Simulator II :, c1987.
